Peace, justice, and security studies : (Record no. 15385)

000 -LEADER
fixed length control field 01364cam a22003254a 4500
001 - CONTROL NUMBER
control field 15423216
005 - DATE AND TIME OF LATEST TRANSACTION
control field 20170105102916.0
008 - FIXED-LENGTH DATA ELEMENTS--GENERAL INFORMATION
fixed length control field 080822s2009 cou b 001 0 eng
010 ## - LIBRARY OF CONGRESS CONTROL NUMBER
LC control number 2008036945
020 ## - INTERNATIONAL STANDARD BOOK NUMBER
International Standard Book Number 9781588266019 (hardcover : alk. paper)
020 ## - INTERNATIONAL STANDARD BOOK NUMBER
International Standard Book Number 9788130915326 (pbk. : alk. paper)
040 ## - CATALOGING SOURCE
Original cataloging agency DLC
Transcribing agency DLC
Modifying agency DLC
050 00 - LIBRARY OF CONGRESS CALL NUMBER
Classification number JZ5534
Item number .P429 2009
082 00 - DEWEY DECIMAL CLASSIFICATION NUMBER
Classification number 327.1/72071
Edition number 22
245 00 - TITLE STATEMENT
Title Peace, justice, and security studies :
Remainder of title a curriculum guide /
Statement of responsibility, etc. edited by Timothy McElwee ... [et al.].
250 ## - EDITION STATEMENT
Edition statement 7th ed.
260 ## - PUBLICATION, DISTRIBUTION, ETC.
Place of publication, distribution, etc. Boulder, Colo. :
Name of publisher, distributor, etc. L. Rienner Publishers,
Date of publication, distribution, etc. 2009.
300 ## - PHYSICAL DESCRIPTION
Extent xiv, 543 p. ;
Dimensions 23 cm.
500 ## - GENERAL NOTE
General note Rev. ed. of: Peace and world security studies. 6th ed. c1994.
504 ## - BIBLIOGRAPHY, ETC. NOTE
Bibliography, etc. note Includes bibliographical references and index.
650 #0 - SUBJECT ADDED ENTRY--TOPICAL TERM
Topical term or geographic name entry element Peace
General subdivision Study and teaching.
650 #0 - SUBJECT ADDED ENTRY--TOPICAL TERM
Topical term or geographic name entry element International organization
General subdivision Study and teaching.
650 #0 - SUBJECT ADDED ENTRY--TOPICAL TERM
Topical term or geographic name entry element Security, International
General subdivision Study and teaching.
700 1# - ADDED ENTRY--PERSONAL NAME
Personal name McElwee, Timothy.
730 0# - ADDED ENTRY--UNIFORM TITLE
Uniform title Peace and world security studies.
856 41 - ELECTRONIC LOCATION AND ACCESS
Materials specified Table of contents only
Uniform Resource Identifier <a href="http://www.loc.gov/catdir/toc/ecip0827/2008036945.html">http://www.loc.gov/catdir/toc/ecip0827/2008036945.html</a>
906 ## - LOCAL DATA ELEMENT F, LDF (RLIN)
a 7
b cbc
c orignew
d 1
e ecip
f 20
g y-gencatlg
942 ## - ADDED ENTRY ELEMENTS (KOHA)
Source of classification or shelving scheme
Koha item type Book
Holdings
Withdrawn status Lost status Damaged status Not for loan Collection code Permanent Location Current Location Shelving location Date acquired Total Checkouts Full call number Barcode Date last seen Price effective from Koha item type
          Centre for International Peace & Stability (CIPS) Centre for International Peace & Stability (CIPS) General Stacks 09/12/2013   327.172071 PEA 2009 CIPS0001429 11/29/2013 11/29/2013 Book
© 2023 Central Library, National University of Sciences and Technology. All Rights Reserved.